01629cam a22003495a 4500001001000000003000400010005001700014008004100031020001800072040003600090082002200126100003400148245008200182250001200264260005400276300003400330490003000364500002800394504005100422610003300473650001000506651001000516653002400526655002100550942000800571999001700579952014300596952012000739952013600859952013600995952014801131018262939OSt20201128024157.0170304t2017 enka frb 001 0 eng d a9781137606259 aStDuBDSbengcStDuBDSdEG-ScBUE04222a341.2422bMCC1 aMcCormick, John,d1954-9276810aUnderstanding the European Union :ba concise introduction /cJohn McCormick. a7th ed. aLondon :bMacmillan education Palgrave, cc.2017. axix, 252 p. ;bill. ;c24 cm.0 aThe European Union series aPrevious edition: 2014. aIncludes bibliographical references and index.27aEuropean Union.2BUEsh98198 2BUEsh 2BUEsh bBUSBOLcOctober2017 vText book933728 2ddc c25468d25440 00102ddc40708BaccahaMAINbMAINc1STd2017-10-09ePurchaseg650.00l5m3o341.2422 MCCp000042061r2025-07-15 00:00:00s2024-11-04yBB 00102ddc40708BaccahaMAINbMAINc1STd2017-10-09ePurchasel0o341.2422 MCCp000042064r2025-07-15 00:00:00yNB 00102ddc40708BaccahaMAINbMAINc1STd2017-10-09ePurchasel6m27o341.2422 MCCp000042065r2025-07-15 00:00:00s2024-10-29yBB 00102ddc40708BaccahaMAINbMAINc1STd2017-10-09ePurchasel11m9o341.2422 MCCp000042066r2025-11-26 00:00:00s2025-11-22yBB 00102ddc40708BaccahaMAINbMAINc1STd2017-10-09ePurchasel4m11o341.2422 MCCp000042067q2022-09-18r2022-07-28 00:00:00s2022-07-28yBB